[Event "FBL O"]
[Site "Deutschland"]
[Date "2010.03.13"]
[Round "6.1"]
[White "Mai, Iris"]
[Black "Szczepkowska Horowska, Karina"]
[Result "0-1"]
[WhiteElo "2146"]
[BlackElo "2318"]
[PlyCount "80"]
[EventDate "2009.11.07"]
[EventType "team"]
[EventCountry "GER"]
[WhiteTeam "SC Rotation Pankow"]
[BlackTeam "BSV Weißblau Allianz Leipzig"]

1. d4 d6 2. Nf3 Nf6 3. c4 Nbd7 4. Nc3 e5 5. e3 Be7 6. Bd3 c6 7. O-O O-O 8. b3
Re8 9. Bb2 Bf8 10. Qc2 h6 11. Rfe1 Qe7 12. Bf1 a6 13. a4 e4 14. Nd2 g6 15. a5
Bg7 16. b4 h5 17. b5 h4 18. h3 g5 19. bxc6 bxc6 20. Rab1 Nf8 21. Na4 Ra7 22.
Ba3 g4 23. Rb6 Bd7 24. Nc3 gxh3 25. gxh3 N8h7 26. Ne2 Nh5 27. Bg2 Ng5 28. Nf4
Nxf4 29. exf4 Nxh3+ 30. Bxh3 Bxh3 31. Rxe4 Qd7 32. Kh2 Rd8 33. Qb3 Bf5 34. Bb2
Bxe4 35. Nxe4 d5 36. Ng5 Bf6 37. Nf3 Qg4 38. Bc1 dxc4 39. Qc3 h3 40. Ne1 Bxd4
0-1

[Event "FBL O"]
[Site "Deutschland"]
[Date "2010.03.13"]
[Round "6.2"]
[White "Levushkina, Elena"]
[Black "Wagner Michel, Annett"]
[Result "1-0"]
[WhiteElo "2307"]
[BlackElo "2122"]
[PlyCount "69"]
[EventDate "2009.11.07"]
[EventType "team"]
[EventCountry "GER"]
[WhiteTeam "BSV Weißblau Allianz Leipzig"]
[BlackTeam "SC Rotation Pankow"]

1. e4 c5 2. Nf3 Nc6 3. c3 d5 4. exd5 Qxd5 5. d4 e6 6. Be3 cxd4 7. cxd4 Qa5+ 8.
Nc3 Bd6 9. Bd3 Nge7 10. O-O Nd5 11. Bd2 Nxc3 12. bxc3 Qh5 13. Rb1 a6 14. Re1
O-O 15. h3 Kh8 16. Qc2 e5 17. dxe5 Bxe5 18. Be4 Bf6 19. Be3 Re8 20. Nd4 Na5 21.
Bf4 Bd7 22. Nb3 Ba4 23. Qc1 Rac8 24. Nxa5 Qxa5 25. Bxb7 Rxe1+ 26. Qxe1 Re8 27.
Qf1 Bxc3 28. Bxa6 Bd7 29. Bc4 Qf5 30. Be3 Ra8 31. Qd1 Bc6 32. Qb3 Qg6 33. Qb8+
Be8 34. Qxa8 Qxb1+ 35. Bf1 1-0

[Event "FBL O"]
[Site "Deutschland"]
[Date "2010.03.13"]
[Round "6.3"]
[White "Schulz, Stefanie"]
[Black "Matras Clement, Agnieszka"]
[Result "0-1"]
[WhiteElo "2109"]
[BlackElo "2231"]
[PlyCount "74"]
[EventDate "2009.11.07"]
[EventType "team"]
[EventCountry "GER"]
[WhiteTeam "SC Rotation Pankow"]
[BlackTeam "BSV Weißblau Allianz Leipzig"]

1. e4 e5 2. Nf3 Nc6 3. Bc4 Nf6 4. Ng5 d5 5. exd5 Na5 6. d3 h6 7. Nf3 e4 8. Qe2
Nxc4 9. dxc4 Bc5 10. h3 O-O 11. Nh2 b5 12. cxb5 Qxd5 13. Nc3 Qe6 14. O-O Bb7
15. Be3 Bd6 16. Rfd1 Nh7 17. Na4 f5 18. Nc5 Bxc5 19. Bxc5 Rf6 20. b3 Rg6 21.
Qc4 Qxc4 22. bxc4 Ng5 23. Kf1 Ne6 24. Bb4 e3 25. g3 f4 26. g4 Re8 27. c5 Nxc5
28. fxe3 fxe3 29. Bxc5 e2+ 30. Kf2 exd1=Q 31. Rxd1 Rf6+ 32. Kg3 Re2 33. Nf1
Rf3+ 34. Kh4 g5+ 35. Kh5 Rxh3+ 36. Kg6 Be4+ 37. Kf6 Rf3+ 0-1

[Event "FBL O"]
[Site "Deutschland"]
[Date "2010.03.13"]
[Round "6.4"]
[White "Schulz, Petra"]
[Black "Goehler, Antje"]
[Result "1-0"]
[WhiteElo "2085"]
[BlackElo "2144"]
[PlyCount "71"]
[EventDate "2009.11.07"]
[EventType "team"]
[EventCountry "GER"]
[WhiteTeam "BSV Weißblau Allianz Leipzig"]
[BlackTeam "SC Rotation Pankow"]

1. e4 c5 2. Nf3 d6 3. Bb5+ Bd7 4. Bxd7+ Qxd7 5. O-O Nc6 6. c4 Nf6 7. Nc3 g6 8.
h3 Bg7 9. d3 O-O 10. Be3 a6 11. a4 Qc7 12. Qd2 Nb4 13. b3 e6 14. Rac1 Nd7 15.
d4 cxd4 16. Bxd4 Bxd4 17. Nxd4 Nc5 18. Rb1 Ncd3 19. Nc2 Rac8 20. Nxb4 Nxb4 21.
Rfd1 Rfd8 22. Qf4 Qc5 23. Rb2 Nc6 24. Qd2 Ne5 25. Qd4 Nc6 26. Qd2 Ne5 27. Kh1
Nc6 28. f4 Nb4 29. Qe2 d5 30. Rbd2 d4 31. Qf2 Nc6 32. e5 Qb4 33. Ne4 Qxb3 34.
Qh4 h5 35. Qg5 Qa3 36. Qh6 1-0

[Event "FBL O"]
[Site "Deutschland"]
[Date "2010.03.13"]
[Round "6.5"]
[White "Wolf, Sylvia"]
[Black "Just, Anita"]
[Result "1-0"]
[WhiteElo "2066"]
[BlackElo "1992"]
[PlyCount "87"]
[EventDate "2009.11.07"]
[EventType "team"]
[EventCountry "GER"]
[WhiteTeam "SC Rotation Pankow"]
[BlackTeam "BSV Weißblau Allianz Leipzig"]

1. e4 e6 2. d4 d5 3. e5 c5 4. Nf3 Nc6 5. Bd3 cxd4 6. O-O Bd7 7. a3 Qc7 8. Re1
f6 9. Bf4 f5 10. b4 a6 11. Nbd2 Nge7 12. h4 Ng6 13. Bg3 Be7 14. h5 Nf8 15. Nb3
g5 16. hxg6 hxg6 17. Nfxd4 Nxd4 18. Nxd4 g5 19. Nxf5 exf5 20. e6 f4 21. exd7+
Nxd7 22. Bg6+ Kd8 23. Bh2 Qd6 24. Bf5 Qh6 25. Bh3 Nf6 26. Re6 g4 27. Rxf6 Qxf6
28. Bxg4 Kc7 29. c4 d4 30. b5 Rag8 31. Qf3 Bd6 32. bxa6 bxa6 33. c5 Be5 34. Re1
Qh4 35. Rxe5 Qxh2+ 36. Kf1 Qh1+ 37. Ke2 Re8 38. Qe4 d3+ 39. Kd2 Rxe5 40. Qxe5+
Kd8 41. c6 Qh7 42. c7+ Qxc7 43. Qxh8+ Ke7 44. Qg7+ 1-0

[Event "FBL O"]
[Site "Deutschland"]
[Date "2010.03.13"]
[Round "6.6"]
[White "Kalies, Grit"]
[Black "Seils, Gudula"]
[Result "1-0"]
[WhiteElo "2016"]
[BlackElo "2074"]
[PlyCount "39"]
[EventDate "2009.11.07"]
[EventType "team"]
[EventCountry "GER"]
[WhiteTeam "BSV Weißblau Allianz Leipzig"]
[BlackTeam "SC Rotation Pankow"]

1. e4 Nf6 2. e5 Nd5 3. d4 d6 4. c4 Nb6 5. exd6 cxd6 6. Nc3 Nc6 7. Be3 Bf5 8.
Nf3 g6 9. d5 Ne5 10. Nxe5 dxe5 11. Qb3 e6 12. c5 exd5 13. cxb6 d4 14. Bb5+ Bd7
15. Bxd7+ Qxd7 16. Nd5 Qf5 17. Nc7+ Ke7 18. Nxa8 dxe3 19. Qxe3 axb6 20. Nxb6
1-0

[Event "FBL O"]
[Site "Deutschland"]
[Date "2010.03.13"]
[Round "6.1"]
[White "Von Herman, Brigitte"]
[Black "Gasch, Franziska"]
[Result "1/2-1/2"]
[WhiteElo "2108"]
[BlackElo "1979"]
[PlyCount "111"]
[EventDate "2009.11.07"]
[EventType "team"]
[EventCountry "GER"]
[WhiteTeam "USV Potsdam"]
[BlackTeam "SC Leipzig-Lindenau"]

1. e4 d5 2. exd5 Nf6 3. d4 Nxd5 4. c4 Nb6 5. Nf3 Bg4 6. c5 N6d7 7. Bc4 e6 8.
Nc3 Be7 9. h3 Bh5 10. Be3 Nc6 11. Qe2 Nf6 12. Rd1 Nd5 13. a3 O-O 14. O-O Re8
15. Ne4 Bg6 16. Bc1 Bf8 17. Bb5 f6 18. Rfe1 Qd7 19. Nh4 Bxe4 20. Qxe4 g6 21.
Nf3 Rad8 22. Rd3 Bg7 23. Ba4 Qf7 24. b4 a6 25. Bb2 Re7 26. Rdd1 Bh6 27. g3 Nb8
28. Re2 c6 29. Rde1 Rde8 30. Bb3 Kf8 31. h4 Nd7 32. Qd3 Kg8 33. Kh1 Nf8 34. Nh2
Bg7 35. f4 h5 36. Nf3 Kh8 37. Nd2 Bh6 38. Nc4 Bxf4 39. gxf4 Nxf4 40. Qf3 Nxe2
41. Nd6 Qg7 42. Nxe8 Rxe8 43. Rxe2 Kh7 44. d5 e5 45. dxc6 bxc6 46. Rd2 f5 47.
Qxc6 Qe7 48. Kg1 Qxh4 49. Qxe8 Qe1+ 50. Kg2 Qxd2+ 51. Kf1 Qd3+ 52. Kf2 Qd2+ 53.
Kf1 Qd3+ 54. Ke1 Qe3+ 55. Kd1 Qxb3+ 56. Kc1 1/2-1/2

[Event "FBL O"]
[Site "Deutschland"]
[Date "2010.03.13"]
[Round "6.2"]
[White "Daemering, Katrin"]
[Black "Tsurtsumia, Natela"]
[Result "1-0"]
[WhiteElo "2050"]
[BlackElo "2134"]
[PlyCount "159"]
[EventDate "2009.11.07"]
[EventType "team"]
[EventCountry "GER"]
[WhiteTeam "SC Leipzig-Lindenau"]
[BlackTeam "USV Potsdam"]

1. e4 c5 2. Nf3 d6 3. d4 cxd4 4. Nxd4 Nf6 5. Nc3 g6 6. f3 Bg7 7. Be3 a6 8. Qd2
Nc6 9. O-O-O O-O 10. Nb3 Re8 11. Bh6 Bh8 12. h4 Ne5 13. h5 Nxh5 14. Rxh5 gxh5
15. Qg5+ Ng6 16. Qxh5 e6 17. g3 b5 18. f4 b4 19. Ne2 a5 20. Bg2 a4 21. Nbd4 b3
22. a3 Ra5 23. Bg5 Bf6 24. e5 Bxg5 25. Nc6 Qc7 26. fxg5 Rxe5 27. Ned4 Rc5 28.
Rh1 f6 29. Qf3 fxg5 30. c3 e5 31. Qe2 Bd7 32. Nb5 Rxb5 33. Qxb5 Bxc6 34. Bxc6
Rf8 35. Qxa4 Qb6 36. Bd5+ Kg7 37. Qxb3 Qxb3 38. Bxb3 Rf3 39. Rg1 Ne7 40. a4 Nf5
41. a5 Ne7 42. a6 d5 43. Bd1 Rf6 44. Be2 Nc8 45. Kd2 Rb6 46. b4 Kf7 47. Rf1+
Ke7 48. Rf5 Re6 49. Rxg5 Kd6 50. Rg7 Rg6 51. Rxh7 Rxg3 52. a7 Nxa7 53. Rxa7 d4
54. c4 Rb3 55. Ra6+ Kc7 56. b5 e4 57. Rc6+ Kb7 58. Rd6 Rb2+ 59. Kd1 d3 60. Bxd3
exd3 61. Rxd3 Kb6 62. Kc1 Rh2 63. Rd2 Rh4 64. Rd6+ Kb7 65. Rc6 Rh2 66. c5 Rg2
67. Rb6+ Kc7 68. Ra6 Rg5 69. Rc6+ Kb7 70. Kc2 Rg3 71. Rb6+ Kc7 72. Ra6 Kb7 73.
c6+ Kc7 74. Ra7+ Kb8 75. b6 Rg2+ 76. Kd3 Rg3+ 77. Kd4 Rg4+ 78. Ke5 Rg5+ 79. Kf6
Rc5 80. c7+ 1-0

[Event "FBL O"]
[Site "Deutschland"]
[Date "2010.03.13"]
[Round "6.3"]
[White "Nuenchert, Eveline"]
[Black "Niesch, Franziska"]
[Result "1-0"]
[WhiteElo "2114"]
[BlackElo "1904"]
[PlyCount "37"]
[EventDate "2009.11.07"]
[EventType "team"]
[EventCountry "GER"]
[WhiteTeam "USV Potsdam"]
[BlackTeam "SC Leipzig-Lindenau"]

1. e4 c5 2. Nf3 Nc6 3. c3 d6 4. d4 cxd4 5. cxd4 Nf6 6. Nc3 g6 7. h3 Bg7 8. Be3
O-O 9. Bd3 Bd7 10. Rc1 a6 11. O-O Rc8 12. Qd2 Na5 13. b3 Rc7 14. Rfd1 Qc8 15.
e5 Bxh3 16. exf6 Bxg2 17. Nh2 Bxf6 18. Kxg2 Nc6 19. Nd5 1-0

[Event "FBL O"]
[Site "Deutschland"]
[Date "2010.03.13"]
[Round "6.4"]
[White "Neumeyer, Hannelore"]
[Black "Bade, Heidrun"]
[Result "1-0"]
[WhiteElo "2055"]
[BlackElo "1932"]
[PlyCount "45"]
[EventDate "2009.11.07"]
[EventType "team"]
[EventCountry "GER"]
[WhiteTeam "SC Leipzig-Lindenau"]
[BlackTeam "USV Potsdam"]

1. d4 d5 2. e4 dxe4 3. Nc3 Nf6 4. f3 e6 5. fxe4 Be7 6. Nf3 Nbd7 7. Bd3 b6 8.
O-O O-O 9. Qe1 Bb7 10. Bg5 Ne8 11. Bxe7 Qxe7 12. Qg3 Qf6 13. e5 Qh6 14. Ng5 g6
15. Rf4 Ng7 16. Rh4 Nh5 17. Qe3 f6 18. exf6 Rxf6 19. g4 Re8 20. Re1 Qf8 21.
gxh5 h6 22. hxg6 hxg5 23. Rh8+ 1-0

[Event "FBL O"]
[Site "Deutschland"]
[Date "2010.03.13"]
[Round "6.1"]
[White "Stark, Saskia"]
[Black "Pachow, Steffi"]
[Result "0-1"]
[WhiteElo "1956"]
[BlackElo "2003"]
[PlyCount "100"]
[EventDate "2009.11.07"]
[EventType "team"]
[EventCountry "GER"]
[WhiteTeam "SG Grün-Weiß Dresden"]
[BlackTeam "SV Glück auf Rüdersdorf"]

1. e4 c5 2. Nc3 Nc6 3. Bb5 g6 4. Bxc6 bxc6 5. d3 Bg7 6. Nge2 d5 7. O-O e6 8.
Rb1 Ne7 9. Na4 Qa5 10. c4 dxc4 11. dxc4 Ba6 12. Bd2 Qc7 13. Qc2 Rd8 14. b3 Bd4
15. Rbd1 h6 16. Bc1 g5 17. Bb2 e5 18. Ba3 Qa5 19. Nc1 Bb5 20. cxb5 cxb5 21.
Bxc5 bxa4 22. b4 Qb5 23. Qe2 a6 24. Nd3 Bxc5 25. bxc5 O-O 26. h4 Rd4 27. Qb2
Rfd8 28. Qxb5 axb5 29. Nb2 a3 30. Rxd4 Rxd4 31. Nd1 Rxe4 32. hxg5 hxg5 33. Nc3
Rb4 34. Rd1 Rb2 35. Rb1 Rxb1+ 36. Nxb1 b4 37. Nd2 Nc6 38. Kf1 f5 39. Ke2 Kf7
40. Kd3 Ke6 41. Kc4 e4 42. Nb3 Ke5 43. Na1 f4 44. Nc2 g4 45. g3 Kf5 46. Kd5
Ne7+ 47. Kc4 e3 48. fxe3 fxg3 49. Ne1 Nc6 50. Kd3 b3 0-1

[Event "FBL O"]
[Site "Deutschland"]
[Date "2010.03.13"]
[Round "6.2"]
[White "Goering, Carsta"]
[Black "Lorenz, Nicole"]
[Result "0-1"]
[WhiteElo "1705"]
[BlackElo "1889"]
[PlyCount "174"]
[EventDate "2009.11.07"]
[EventType "team"]
[EventCountry "GER"]
[WhiteTeam "SV Glück auf Rüdersdorf"]
[BlackTeam "SG Grün-Weiß Dresden"]

1. e4 c5 2. Nf3 Nc6 3. d4 cxd4 4. Nxd4 Nf6 5. Nc3 d6 6. Be2 e5 7. Nb3 Be7 8.
O-O O-O 9. Kh1 Re8 10. f4 exf4 11. Bxf4 Bf8 12. Bg5 Be7 13. Bf4 a6 14. Bf3 Ne5
15. Nd5 Nxf3 16. Nxe7+ Rxe7 17. gxf3 d5 18. Rg1 Rd7 19. e5 Nh5 20. Bg5 f6 21.
exf6 Nxf6 22. Qd4 Rd6 23. Bh6 g6 24. Rae1 Bf5 25. Nc5 Bc8 26. Re2 b6 27. Nd3
Bf5 28. Nf4 Rc8 29. Rge1 Rc4 30. Qe5 Rxc2 31. Rxc2 Bxc2 32. Bg5 Bf5 33. Rc1 d4
34. Nh5 gxh5 35. Qxf5 Qd7 36. Qf4 Ne8 37. Bh6 Qf7 38. Rg1+ Rg6 39. Rxg6+ hxg6
40. Qxd4 Qxf3+ 41. Kg1 Qf6 42. Qc4+ Kh7 43. Bd2 Qxb2 44. Bc3 Qb1+ 45. Kg2 Qc2+
46. Kg1 Qd1+ 47. Kf2 Qc2+ 48. Kg1 Qf5 49. Qb3 b5 50. a3 h4 51. Qb4 Qg5+ 52. Kh1
h3 53. Qb2 Qd5+ 54. Kg1 Nd6 55. Qf2 Qd1+ 56. Be1 Qg4+ 57. Kf1 Qc4+ 58. Kg1 Qg4+
59. Kh1 Qe4+ 60. Kg1 Nf5 61. Qd2 Qg4+ 62. Kh1 Qf3+ 63. Kg1 Ne3 64. Qf2 Qg4+ 65.
Kh1 Qe4+ 66. Kg1 Nf5 67. Qa7+ Ne7 68. Qf2 Qg4+ 69. Kh1 Qf5 70. Qh4+ Kg8 71. Kg1
Qc5+ 72. Kf1 Qxa3 73. Qe4 Qc5 74. Qe6+ Kg7 75. Qxh3 Qf5+ 76. Qxf5 Nxf5 77. Bb4
Kf7 78. Ke2 Ke6 79. h3 Kd5 80. Kd3 Nd4 81. Bc3 Nc6 82. h4 b4 83. Bb2 a5 84. Ke3
a4 85. Kf4 Ke6 86. Ke4 a3 87. Ba1 b3 0-1

[Event "FBL O"]
[Site "Deutschland"]
[Date "2010.03.13"]
[Round "6.3"]
[White "Morgenstern, Petra"]
[Black "Kaube, Sylvia"]
[Result "1/2-1/2"]
[WhiteElo "1961"]
[BlackElo "1850"]
[PlyCount "52"]
[EventDate "2009.11.07"]
[EventType "team"]
[EventCountry "GER"]
[WhiteTeam "SG Grün-Weiß Dresden"]
[BlackTeam "SV Glück auf Rüdersdorf"]

1. d4 g6 2. c4 Bg7 3. Nc3 d6 4. e4 Nd7 5. Be3 e5 6. d5 Ngf6 7. f3 O-O 8. Qd2
Nh5 9. Bd3 Nc5 10. Bc2 f5 11. Nge2 f4 12. Bf2 Bd7 13. O-O-O a5 14. Kb1 Qb8 15.
Bxc5 dxc5 16. Ba4 Nf6 17. Nc1 Bxa4 18. Nxa4 Nd7 19. Nb3 b6 20. Qe2 Qb7 21. g4
Rfb8 22. h4 h6 23. g5 h5 24. Rh2 Qa6 25. Qf1 Re8 26. Rc2 Bf8 1/2-1/2

[Event "FBL O"]
[Site "Deutschland"]
[Date "2010.03.13"]
[Round "6.4"]
[White "Voigt, Anna"]
[Black "Kosovska, Olena"]
[Result "1-0"]
[WhiteElo "2076"]
[BlackElo "1850"]
[PlyCount "85"]
[EventDate "2009.11.07"]
[EventType "team"]
[EventCountry "GER"]
[WhiteTeam "SV Glück auf Rüdersdorf"]
[BlackTeam "SG Grün-Weiß Dresden"]

1. d4 g6 2. Nf3 Bg7 3. c4 d6 4. Nc3 Nf6 5. e3 O-O 6. Bd3 Nbd7 7. O-O e5 8. b3
Re8 9. Bc2 c6 10. Bb2 exd4 11. Nxd4 Nc5 12. Rb1 Bg4 13. f3 Bd7 14. Re1 a6 15.
Qd2 b5 16. Ba3 Qa5 17. Bb2 bxc4 18. bxc4 Qc7 19. Na4 Ne6 20. Bb3 Rab8 21. Ba3
c5 22. Nxe6 fxe6 23. Rbd1 Bxa4 24. Bxa4 Red8 25. e4 Nh5 26. Bb3 Bd4+ 27. Kh1
Qg7 28. Re2 g5 29. g3 Rf8 30. Rf1 g4 31. f4 Nxg3+ 32. hxg3 Qh6+ 33. Rh2 Qg7 34.
Bb2 e5 35. f5 Rf6 36. Bc1 Rbf8 37. Kg2 R8f7 38. Rfh1 Qf8 39. Qe2 Qa8 40. Qxg4+
Kf8 41. Bh6+ Ke8 42. Ba4+ Ke7 43. Bg5 1-0

[Event "FBL O"]
[Site "Deutschland"]
[Date "2010.03.13"]
[Round "6.5"]
[White "Flemming, Peggy"]
[Black "Walther, Madlen"]
[Result "1/2-1/2"]
[WhiteElo "1643"]
[BlackElo "1881"]
[PlyCount "45"]
[EventDate "2009.11.07"]
[EventType "team"]
[EventCountry "GER"]
[WhiteTeam "SG Grün-Weiß Dresden"]
[BlackTeam "SV Glück auf Rüdersdorf"]

1. d4 d5 2. c4 e6 3. Nc3 Nf6 4. Nf3 Nbd7 5. e3 c6 6. cxd5 exd5 7. Bd3 Bd6 8.
O-O O-O 9. Re1 Re8 10. Qc2 Nf8 11. e4 dxe4 12. Nxe4 Bg4 13. Nxf6+ gxf6 14. Bd2
Qc7 15. Re3 Rxe3 16. Bxe3 Bxf3 17. gxf3 Bxh2+ 18. Kg2 Bf4 19. Rh1 Ng6 20. Qc5
Kg7 21. Qh5 Rh8 22. Qg4 Qc8 23. Bf5 1/2-1/2

[Event "FBL O"]
[Site "Deutschland"]
[Date "2010.03.13"]
[Round "6.1"]
[White "Pflug, Tanja"]
[Black "Jaracz, Barbara"]
[Result "1/2-1/2"]
[WhiteElo "2055"]
[BlackElo "2276"]
[PlyCount "90"]
[EventDate "2009.11.07"]
[EventType "team"]
[EventCountry "GER"]
[WhiteTeam "SV Merseburg"]
[BlackTeam "SV Guben 1990"]

1. f4 d5 2. Nf3 c6 3. g3 g6 4. Bg2 Bg7 5. O-O Qb6+ 6. d4 Nh6 7. e3 Nd7 8. Nbd2
Nf5 9. Qe2 Nf6 10. Ne5 Nd6 11. Nd3 Bf5 12. b3 Nfe4 13. Nxe4 Bxe4 14. Bh3 O-O
15. Nc5 Qc7 16. Bb2 b6 17. Nxe4 Nxe4 18. c4 e6 19. Rac1 c5 20. Bg2 Rad8 21.
cxd5 exd5 22. Bxe4 dxe4 23. b4 Rd5 24. bxc5 bxc5 25. Ba3 Rb8 26. Qc2 Bf8 27.
Qxe4 Qd7 28. Bxc5 Bxc5 29. dxc5 Rd2 30. Rc2 Rb2 31. Rxb2 Rxb2 32. Qd4 Qb5 33.
Rf2 Rb4 34. Qe5 Rb1+ 35. Kg2 Rc1 36. f5 Rxc5 37. Qe7 Rxf5 38. Rxf5 Qxf5 39. e4
Qa5 40. a3 Kg7 41. e5 Qb6 42. Kf3 Qb3+ 43. Kf4 Qc4+ 44. Kf3 Qd3+ 45. Kg2 Qe2+
1/2-1/2

[Event "FBL O"]
[Site "Deutschland"]
[Date "2010.03.13"]
[Round "6.2"]
[White "Demidowicz, Maria"]
[Black "Maedel, Katja"]
[Result "1/2-1/2"]
[WhiteElo "2082"]
[BlackElo "1993"]
[PlyCount "83"]
[EventDate "2009.11.07"]
[EventType "team"]
[EventCountry "GER"]
[WhiteTeam "SV Guben 1990"]
[BlackTeam "SV Merseburg"]

1. e4 e5 2. Nf3 Nc6 3. Bb5 a6 4. Ba4 Nf6 5. O-O Be7 6. Re1 b5 7. Bb3 O-O 8. h3
d5 9. exd5 Nxd5 10. Nxe5 Nxe5 11. Rxe5 c6 12. d4 Bd6 13. Re1 Qh4 14. Bxd5 cxd5
15. Qd3 g6 16. Nc3 Bf5 17. Qf3 Bxc2 18. Nxd5 f5 19. Bf4 Rad8 20. Bxd6 Rxd6 21.
Ne7+ Kg7 22. Qb7 Rf7 23. Qb8 Qf6 24. Qg8+ Kh6 25. Qe8 Kg7 26. Qg8+ Kh6 27. Qc8
Rxe7 28. Rxe7 Qxe7 29. Qxc2 Rxd4 30. Qc3 Qd6 31. Qe3+ Kg7 32. Qf3 Rd3 33. Qb7+
Kh6 34. Qc8 Rd1+ 35. Rxd1 Qxd1+ 36. Kh2 Qd6+ 37. g3 Qd4 38. Kg2 Qd5+ 39. Kh2
Qd4 40. Kg2 Qd5+ 41. Kh2 Qd4 42. Kg2 1/2-1/2

[Event "FBL O"]
[Site "Deutschland"]
[Date "2010.03.13"]
[Round "6.5"]
[White "Schwebbach, Angelika"]
[Black "Judek, Magdalena Maria"]
[Result "0-1"]
[WhiteElo "1859"]
[BlackElo "1780"]
[PlyCount "50"]
[EventDate "2009.11.07"]
[EventType "team"]
[EventCountry "GER"]
[WhiteTeam "SV Merseburg"]
[BlackTeam "SV Guben 1990"]

1. e4 c5 2. Nf3 d6 3. c3 Nf6 4. d3 g6 5. Be2 Bg7 6. Be3 Nc6 7. O-O O-O 8. h3 b6
9. Nbd2 Bb7 10. Re1 Qc7 11. Rc1 d5 12. exd5 Nxd5 13. Bg5 Rad8 14. Qc2 Rd7 15.
a3 Rfd8 16. c4 Nf4 17. Bxf4 Qxf4 18. Ne4 Nd4 19. Nxd4 Rxd4 20. Bf1 Bxe4 21.
Rxe4 Rxe4 22. dxe4 Rd2 23. Qb1 Qxf2+ 24. Kh1 Bd4 25. Kh2 Qf4+ 0-1

[Event "FBL O"]
[Site "Deutschland"]
[Date "2010.03.14"]
[Round "7.1"]
[White "Szczepkowska Horowska, Karina"]
[Black "Von Herman, Brigitte"]
[Result "1-0"]
[WhiteElo "2318"]
[BlackElo "2108"]
[PlyCount "97"]
[EventDate "2009.11.07"]
[EventType "team"]
[EventCountry "GER"]
[WhiteTeam "BSV Weißblau Allianz Leipzig"]
[BlackTeam "USV Potsdam"]

1. e4 e5 2. Nf3 d6 3. d4 exd4 4. Nxd4 Nf6 5. Nc3 Be7 6. Be2 O-O 7. O-O Nc6 8.
Be3 Nd7 9. Nd5 Bf6 10. Nxf6+ Nxf6 11. f3 Re8 12. Bg5 h6 13. Bh4 Ne5 14. Nb5 g5
15. Bf2 a6 16. Nc3 Ng6 17. g3 Be6 18. Bd4 Qe7 19. Qd2 Rad8 20. Rad1 b5 21. a3
c5 22. Bxf6 Qxf6 23. Rf2 Ne5 24. f4 Nc4 25. Bxc4 Bxc4 26. b3 Be6 27. Re1 Qd4
28. Qxd4 cxd4 29. Ne2 d3 30. cxd3 Bxb3 31. Nd4 Be6 32. Rc1 Rc8 33. Rfc2 Rxc2
34. Rxc2 Rc8 35. Rxc8+ Bxc8 36. Kf2 Kf8 37. Ke3 Bd7 38. Kd2 Ke7 39. Kc3 d5 40.
e5 a5 41. Nb3 b4+ 42. axb4 axb4+ 43. Kxb4 Bh3 44. Nc5 f6 45. Kc3 Bg2 46. Kd4 h5
47. Na6 gxf4 48. gxf4 fxe5+ 49. Kxe5 1-0

[Event "FBL O"]
[Site "Deutschland"]
[Date "2010.03.14"]
[Round "7.2"]
[White "Tsurtsumia, Natela"]
[Black "Levushkina, Elena"]
[Result "0-1"]
[WhiteElo "2134"]
[BlackElo "2307"]
[PlyCount "80"]
[EventDate "2009.11.07"]
[EventType "team"]
[EventCountry "GER"]
[WhiteTeam "USV Potsdam"]
[BlackTeam "BSV Weißblau Allianz Leipzig"]

1. e4 c5 2. Nf3 g6 3. c3 Bg7 4. d4 cxd4 5. cxd4 d5 6. e5 Bg4 7. Be2 Nc6 8. Nc3
Nh6 9. h3 Bxf3 10. Bxf3 e6 11. g4 Ng8 12. Be3 Nge7 13. Qd2 Nc8 14. h4 Nb6 15.
b3 f6 16. exf6 Qxf6 17. Qe2 O-O 18. Bg2 Nxd4 19. Bxd4 Qxd4 20. Rc1 Rac8 21. Rh3
Rc6 22. h5 Rfc8 23. hxg6 hxg6 24. Nd1 Nd7 25. Rxc6 Rxc6 26. Re3 Nf8 27. Kf1 Rc1
28. Bf3 Qc5 29. Rd3 Bh6 30. Kg2 Rc2 31. Qe5 Bg7 32. Qb8 Bd4 33. b4 Qb6 34. Qg3
Rxa2 35. g5 Rc2 36. Bg4 Rc4 37. Rf3 Qc7 38. Ne3 Qxg3+ 39. Kxg3 Rxb4 40. Ng2
Be5+ 0-1

[Event "FBL O"]
[Site "Deutschland"]
[Date "2010.03.14"]
[Round "7.3"]
[White "Matras Clement, Agnieszka"]
[Black "Nuenchert, Eveline"]
[Result "1-0"]
[WhiteElo "2231"]
[BlackElo "2114"]
[PlyCount "65"]
[EventDate "2009.11.07"]
[EventType "team"]
[EventCountry "GER"]
[WhiteTeam "BSV Weißblau Allianz Leipzig"]
[BlackTeam "USV Potsdam"]

1. e4 d5 2. exd5 Qxd5 3. Nc3 Qa5 4. d4 Nf6 5. Nf3 Bg4 6. h3 Bh5 7. Bc4 c6 8.
Bd2 Qc7 9. g4 Bg6 10. Ne5 e6 11. Qe2 Nbd7 12. O-O-O Nxe5 13. dxe5 Nd5 14. f4
O-O-O 15. Qf3 h6 16. f5 Bh7 17. Rhe1 Re8 18. Bxd5 exd5 19. Bf4 Qa5 20. Rd4 Bb4
21. Bd2 Bc5 22. Na4 Qb5 23. Nxc5 Qxc5 24. Ra4 d4 25. Ra5 Qb6 26. Qa3 a6 27. Bb4
g6 28. Bc5 Qd8 29. Rxa6 Qg5+ 30. Kb1 gxf5 31. Ra8+ Kd7 32. Ra4 Kc8 33. Qb4 1-0

[Event "FBL O"]
[Site "Deutschland"]
[Date "2010.03.14"]
[Round "7.4"]
[White "Bade, Heidrun"]
[Black "Schulz, Petra"]
[Result "0-1"]
[WhiteElo "1932"]
[BlackElo "2085"]
[PlyCount "84"]
[EventDate "2009.11.07"]
[EventType "team"]
[EventCountry "GER"]
[WhiteTeam "USV Potsdam"]
[BlackTeam "BSV Weißblau Allianz Leipzig"]

1. e4 c5 2. Nf3 d6 3. d4 cxd4 4. Nxd4 Nf6 5. Nc3 a6 6. Be2 e5 7. Nb3 Be7 8. O-O
O-O 9. f4 b5 10. Bf3 Bb7 11. Be3 Nbd7 12. Qe2 b4 13. Nd5 Bxd5 14. exd5 e4 15.
Bg4 Nxd5 16. Bd4 N5f6 17. Bh3 d5 18. g4 Qc7 19. g5 Ne8 20. Qg4 Nc5 21. Rac1 f5
22. Qd1 Rd8 23. Kh1 Ne6 24. Be5 Qb6 25. Bd4 Qb7 26. Bg2 Nd6 27. Qe2 Nb5 28. c3
bxc3 29. bxc3 Ba3 30. Rc2 Bd6 31. Be3 Na3 32. Rcc1 Nc4 33. Rb1 Qc7 34. Nd4 Nxd4
35. Bxd4 Rb8 36. Rb3 Bxf4 37. Qh5 g6 38. Qd1 Be5 39. Rxb8 Rxb8 40. Ba7 Qxa7 41.
Qxd5+ Qf7 42. Bxe4 Rc8 0-1

[Event "FBL O"]
[Site "Deutschland"]
[Date "2010.03.14"]
[Round "7.1"]
[White "Gasch, Franziska"]
[Black "Mai, Iris"]
[Result "1-0"]
[WhiteElo "1979"]
[BlackElo "2146"]
[PlyCount "99"]
[EventDate "2009.11.07"]
[EventType "team"]
[EventCountry "GER"]
[WhiteTeam "SC Leipzig-Lindenau"]
[BlackTeam "SC Rotation Pankow"]

1. e4 c5 2. Nc3 Nc6 3. f4 d6 4. Nf3 e6 5. g3 Nge7 6. Bg2 Nd4 7. d3 g6 8. O-O
Bg7 9. Ne2 O-O 10. c3 Nxf3+ 11. Bxf3 Rb8 12. g4 f5 13. Qe1 b5 14. Qh4 b4 15. c4
Bd7 16. Rb1 Rf7 17. Kh1 Nc6 18. Qxd8+ Rxd8 19. Be3 Nd4 20. Nxd4 Bxd4 21. Bxd4
cxd4 22. Rbe1 fxg4 23. Bxg4 Rdf8 24. f5 gxf5 25. Bh5 Rf6 26. e5 Rh6 27. Bf3 Kf7
28. exd6 Kf6 29. c5 Rc8 30. Rc1 Bc6 31. Rc4 e5 32. Bxc6 Rxc6 33. d7 Ke7 34.
Rxf5 Kxd7 35. Rxe5 a5 36. Rxd4+ Kc8 37. Rf4 Kb7 38. d4 Rh3 39. Re2 Rh5 40. Rd2
Ka6 41. Rdf2 Rhh6 42. Rf7 a4 43. b3 a3 44. Rd7 Rce6 45. Rff7 Re1+ 46. Kg2 Re2+
47. Kf3 Rexh2 48. Ra7+ Kb5 49. Rfb7+ Kc6 50. Rb6+ 1-0